书目信息 |
| 题名: |
庭园营造指南
|
|
| 作者: | 杨守国 , 田慧 , 谷峰, 主编 | |
| 分册: | ||
| 出版信息: | 北京 中国建材工业出版社 2021.11 |
|
| 页数: | 175页 | |
| 开本: | 26cm | |
| 丛书名: | ||
| 单 册: | ||
| 中图分类: | TU986.2-62 | |
| 科图分类: | ||
| 主题词: | 庭院--ting yuan--园林设计--指南 | |
| 电子资源: | ||
| ISBN: | 978-7-5160-3306-7 | |
| 000 | 01274nam0 2200265 450 | |
| 001 | 25338 | |
| 005 | 20220918181516.07 | |
| 010 | @a978-7-5160-3306-7@dCNY120.00 | |
| 100 | @a20220114d2021 em y0chiy50 ea | |
| 101 | 0 | @achi |
| 102 | @aCN@b110000 | |
| 105 | @aa a 000yy | |
| 200 | 1 | @a庭园营造指南@Ating yuan ying zao zhi nan@f杨守国, 田慧, 谷峰主编 |
| 210 | @a北京@c中国建材工业出版社@d2021.11 | |
| 215 | @a175页@c彩图@d26cm | |
| 314 | @a杨守国, 高级园林工程师, 1963年毕业于北京林学院 (现北京林业大学) 园林系 (现园林学院), 中国园林学会、北京园林学会会员 ; 曾任北京园林专家库专家、北京月季协会副会长、首钢绿化公司总工、北京东方园林股份有限公司绿植总监、北京顺景园林股份有限公司绿植总监等, 现任济南城建集团设计院园林首席顾问。 | |
| 320 | @a有书目 | |
| 330 | @a本书共六章: 概述 ; 庭园的风格分类 ; 庭园的功能分类 ; 庭园的硬质元素选型 ; 庭园的植物配置和栽植方式 ; 庭园的设计、施工程序。主要内容包括: 中式庭园、日式庭园、欧式庭园、山庄式庭园、维多利亚式庭园、英格兰乡村式庭园、地中海式庭园等。 | |
| 606 | 0 | @a庭院@Ating yuan@x园林设计@j指南 |
| 690 | @aTU986.2-62@v5 | |
| 701 | 0 | @a杨守国@Ayang shou guo@4主编 |
| 701 | 0 | @a田慧@Atian hui@4主编 |
| 701 | 0 | @a谷峰,@Agu feng@f1985-@4主编 |
| 801 | 0 | @aCN@c20220910 |
| 905 | @a河南城建学院图书馆@dTU986.2-62@eY272@f1 | |
| 庭园营造指南/杨守国, 田慧, 谷峰主编.-北京:中国建材工业出版社,2021.11 |
| 175页:彩图;26cm |
| ISBN 978-7-5160-3306-7:CNY120.00 |
| 本书共六章: 概述 ; 庭园的风格分类 ; 庭园的功能分类 ; 庭园的硬质元素选型 ; 庭园的植物配置和栽植方式 ; 庭园的设计、施工程序。主要内容包括: 中式庭园、日式庭园、欧式庭园、山庄式庭园、维多利亚式庭园、英格兰乡村式庭园、地中海式庭园等。 |
| ● |
| 相关链接 |
|
|
|
正题名:庭园营造指南
索取号:TU986.2-62/Y272
 
预约/预借
| 序号 | 登录号 | 条形码 | 馆藏地/架位号 | 状态 | 备注 |
| 1 | 1576169 | 215761691 | 建筑库201/201建筑库 113排1列1层/ [索取号:TU986.2-62/Y272] | 在馆 |